Zsidósors a Mediterráneumban és Európában 1492 után

Elmentve itt :
Bibliográfiai részletek
Szerző: Eördögh István
Dokumentumtípus: Cikk
Megjelent: University of Szeged, Magyar Medievisztikai Kutatócsoport Szeged 2003
Sorozat:Acta Universitatis Szegediensis : acta historica 118
Kulcsszavak:Zsidók története - középkor
Tárgyszavak:
Online Access:http://acta.bibl.u-szeged.hu/2936
LEADER 00814nab a2200205 i 4500
001 acta2936
005 20260130092803.0
008 161015s2003 hu o 000 hun d
022 |a 0324-6965 
040 |a SZTE Egyetemi Kiadványok Repozitórium  |b hun 
041 |a hun 
100 1 |a Eördögh István 
245 1 0 |a Zsidósors a Mediterráneumban és Európában 1492 után  |h [elektronikus dokumentum] /  |c  Eördögh István 
260 |a University of Szeged, Magyar Medievisztikai Kutatócsoport  |b Szeged  |c 2003 
300 |a 45-61 
490 0 |a Acta Universitatis Szegediensis : acta historica  |v 118 
650 4 |a Bölcsészettudományok 
650 4 |a Történettudomány és régészet 
695 |a Zsidók története - középkor 
856 4 0 |u http://acta.bibl.u-szeged.hu/2936/1/historica_118_045-061.pdf  |z Dokumentum-elérés